000 00245 a2200097 4500
245 _aHandbook of the federation of Nyasaland and Rhodesia
_hText
100 _aW.V Brelsford
650 _aHistory
005 20191021095748.0
260 _bCassell company
_c1960
084 _aNONE
999 _c12644
_d12644